Game of Thrones - Personnages par images #2 - Statistiques

Statistiques générales
  • Ce quiz a été pris 67 fois
  • Le résultat moyen est 13 sur 16
Statistiques - réponses
Par images Réponse % Correct
Jon Snow
100%
Arya Stark
95%
Eddard Stark
95%
Brienne de Torth
91%
Khal Drogo
91%
Tywin Lannister
91%
Robb Stark
89%
Samwell Tarly
87%
Bran Stark
85%
Daenerys Targaryen
85%
Missandei
82%
Ramsay Bolton
76%
Ygrid
76%
Shae
75%
Jorah Mormont
69%
Margaery Tyrell
62%
Aucun quiz correspondant
Distribution des résultats
% des personnes avec chaque résultat
Percentile par nombre de réponses
Votre historique - résultats
Vous n’avez pas pris ce quiz